Antoni Panek ukázal cestu k slnku

Bibliographic Details
Format: Article
Language:Slovak
PhysicalDescription:Fotogr.
ISSN:1335-4566
Subjects:
Online Access:www.korzar.sk

MARC

LEADER 00000nab a2200000 a 4500
001 vtls008996601
003 SK-MaSNL
005 20260303065747.0
008 070606c20070605xo drz 0 0slo
038 |a KEVKJB 
040 |a KEVKJB  |b slo  |c KEVKJB  |e AACR2 
041 0 |a slo 
044 |a xo  |c SK 
080 |a 77:061.4  |2 2001 
245 0 0 |a Antoni Panek ukázal cestu k slnku  |c [autor] (pan) 
300 |b Fotogr. 
600 1 7 |a Panek, Antoni  |2 kevkjb  |9 1066257 
610 2 7 |a Galéria KOS (Košice, Slovensko)  |x výstavy  |2 kevkjb  |9 1037384 
650 0 7 |a fotografia  |2 kevkjb  |9 1694 
651 7 |a Košice (Slovensko)  |2 kevkjb  |9 18694 
773 0 |t Košický denník Korzár  |g Roč. X, č. 128 (5.6.2007), s. 4  |x 1335-4566 
852 |a KEVKJB  |b KIS3GCP 
856 4 1 |u www.korzar.sk 
958 |a PL 
999 |c 1752566  |d 1754496